000 00299nam a22001337a 4500
008 170817b xxu||||| |||| 00| 0 eng d
020 _a2900028341759
041 _aeng
080 _a51
100 _a36
101 _aMAT
245 _aADVANCED MATHEMATICAL CONCEPTS
_cHOLLIDAY,B
942 _2udc
_cBK
999 _c23879
_d23879